Normal view
MARC view
- EXTINCTION (BIOLOGY)
Entry Topical Term
001 - CONTROL NUMBER
- control field: 577
003 - CONTROL NUMBER IDENTIFIER
- control field: CBULib
005 - DATE AND TIME OF LATEST TRANSACTION
- control field: 20230817070824.0
008 - FIXED-LENGTH DATA ELEMENTS
- fixed length control field: 230817|| aca||babn | a|a d
040 ## - CATALOGING SOURCE
- Original cataloging agency: CBULib
150 ## - HEADING--TOPICAL TERM
- Topical term or geographic name entry element: EXTINCTION (BIOLOGY)